[Event "38th Barczay Memorial 2019"]
[Site "Zalakaros"]
[Date "2019.05.29"]
[Round "7.10"]
[White "Meszaros, Tamas"]
[Black "Pasztor, Ferenc"]
[Result "1-0"]
[WhiteElo "2385"]
[BlackElo "2225"]
[Annotator "TA"]
[PlyCount "107"]
[EventDate "2019.05.23"]
[EventType "swiss"]
[EventCountry "HUN"]
[SourceTitle "playchess.com"]
[Source "ChessBase"]
[SourceQuality "1"]

{[%evp 21,107,90,93,92,101,95,97,90,98,91,93,81,94,102,91,57,39,54,90,31,22,0,0,0,0,-21,-15,-96,-84,-117,-125,-106,-101,-113,-120,-146,-38,-53,-57,-64,29,0,0,0,0,0,0,0,0,0,0,0,0,0,0,-69,-12,-77,-65,-131,-78,-70,-48,-160,-149,-208,-20,-18,-9,-9,0,0,0,0,0,-20,-28,-299,-281,-266,0,0,0,0,461,450,29998,29999]} 1. e4 e5 2. Bc4 Nf6 3. d3 d5 4. exd5 Nxd5 5. Nf3 Nc6 6. O-O Be7 7. Re1 Qd6 8. c3 O-O 9. Nbd2 Bg4 10. h3 Bh5 11. Ne4 Qd8 12. Ng3 {C55: Two Knights: 4 d3, 4 d4 exd4 5 e5 and Max Lange Attack} Bxf3 (12... Bg6 13. Nxe5 Nxe5 14. Rxe5 Nb6 15. Bb3 Bf6 16. Re3 c5 17. Bc2 Qd7 18. Nh5 Bg5 19. Re1 Bxc1 20. Rxc1 {1-0 (46) Nemeth,M (2477)-Plat,V (2540) Biograd na Moru 2018}) 13. Qxf3 Nb6 14. Bb3 $146 {White is better.} ({Predecessor:} 14. Bb5 Bf6 15. Bxc6 bxc6 16. Qxc6 Qxd3 17. Qxc7 Qd5 18. Ne4 Bd8 19. Qc5 Qxc5 20. Nxc5 {1-0 (41) Powell,A-Avalos,N Istanbul 2000}) 14... Bg5 15. Bxg5 Qxg5 16. Re4 Nd7 17. Rg4 Qd8 18. Nf5 g6 $1 19. Qe3 (19. Nh6+ Kg7 $17) 19... Ne7 20. Ng3 (20. Nxe7+ $16 Qxe7 21. Re1) 20... Kh8 $1 $14 21. Rb4 b6 22. f4 Nc6 23. Rc4 Na5 24. Ra4 (24. Rb4 $11) 24... Nc5 $1 $17 25. Rxa5 Nxb3 26. axb3 exf4 $1 (26... bxa5 $6 27. fxe5 Qd5 28. c4 $11) 27. Qxf4 bxa5 28. Ne4 Qe7 (28... Qxd3 $17 {aiming for ...Rae8.} 29. Qe5+ f6 $1 {[%mdl 512]} 30. Nxf6 Qd6 31. Ng4+ Qxe5 32. Nxe5 Rfb8 33. Rxa5 Rxb3) 29. Rxa5 $15 f5 30. Ng5 Qd6 (30... c5 $1 $15) 31. Re5 (31. Qh4 $5 {[%cal Rh4h7]} h5 32. d4 $11) 31... h6 ({Avoid the trap} 31... Qxd3 $2 32. Re7 $1 $18 {[%mdl 512]}) 32. Ne6 g5 33. Qe3 Rf6 34. Nd4 Raf8 35. b4 $1 a6 36. Re7 c5 37. bxc5 Qxc5 38. Kh1 (38. Re5 $11 Qd6 39. b4) 38... a5 (38... g4 $1 $15 39. h4 a5) 39. Rb7 (39. Re5 $11 {remains equal.} Qd6 40. Rxa5) 39... a4 40. Qe2 (40. Re7 $15) 40... a3 (40... Qd6 $142 41. Kg1 g4 $1 {[%mdl 512]}) 41. bxa3 $17 Qc8 42. Qb2 (42. Re7 $15) 42... g4 $1 {[%cal Rg4h3][%mdl 1024] Black has strong compensation.} 43. Kh2 (43. c4 $17 {was worth a try.}) 43... h5 $2 (43... Qc5 $1 $19 {[%cal Rc5e5]} 44. Kh1 gxh3 45. gxh3 f4) 44. Re7 $11 R8f7 45. Qe2 $132 {[%mdl 2048] Black must now prevent Re8+. White is not keeping still} Qb8+ 46. Kg1 Qb1+ 47. Kf2 h4 48. Re8+ Kh7 49. Ne6 $2 {[%mdl 8192]} (49. c4 $11) 49... Rb7 $1 $19 {[%cal Rb7b2] Threatens to win with ...Rb2.} 50. Ng5+ {[#]} Kg6 $2 ({Better is} 50... Kg7 $1 $19 {Strongly threatening ...Rb2.} 51. Ne6+ Kg6 52. Nf4+ Kf7) 51. Rg8+ $11 Kh6 $1 {Hoping for ...Rb2.} 52. Rh8+ $1 Kg6 $2 {[%mdl 8192] [#]} ({Worse is} 52... Kxg5 53. Qe3+ Kg6 54. Qh6+ Kf7 55. Rf8+ Ke6 56. Qxf6+ {[%mdl 64] Double Attack} Kd5 57. c4+ Kc5 58. Rc8+ Rc7 59. Rxc7#) (52... Kg7 $11 53. Rh7+ Kf8 54. Rh8+ Kg7 55. Rh7+ Kf8 56. Rh8+ Kg7) 53. Qe8+ $1 $18 Kxg5 (53... Rbf7 $18) 54. Rh5+ {Accuracy: White = 47%, Black = 48%.} 1-0

[Event "38th Barczay Memorial 2019"]
[Site "Zalakaros"]
[Date "2019.05.29"]
[Round "7.11"]
[White "Krstulovic, Alex"]
[Black "Hrbolka, Ladislav Jr."]
[Result "0-1"]
[WhiteElo "2368"]
[BlackElo "2203"]
[Annotator "TA"]
[PlyCount "80"]
[EventDate "2019.05.23"]
[EventType "swiss"]
[EventCountry "HUN"]
[SourceTitle "playchess.com"]
[Source "ChessBase"]
[SourceQuality "1"]

{[%evp 30,80,64,47,70,26,3,-23,0,0,8,6,41,50,25,-78,-97,-202,-107,-108,-112,-101,-67,-74,-60,-72,-65,-165,-180,-182,-33,-44,-54,-196,-210,-193,-216,-202,-193,-484,-506,-493,-479,-529,-539,-743,-743,-743,-729,-689,-676,-616,-570]} 1. d4 Nf6 2. c4 g6 3. Nc3 Bg7 4. e4 d6 5. Nf3 O-O 6. Be2 e5 7. O-O Nc6 8. d5 Ne7 9. Ne1 Nd7 10. Be3 f5 11. f3 f4 12. Bf2 g5 13. Nd3 Ng6 14. c5 Nf6 15. a4 {[%cal Ba2a4,Ba4a5][%mdl 32]} h5 16. a5 g4 {E99: King's Indian: Classical Main Line: 9 Ne1 Nd7 10 f3 f5} 17. cxd6 (17. a6 bxa6 18. Nb4 g3 19. hxg3 fxg3 20. Bxg3 h4 21. Nc6 Qd7 22. Bf2 Bh6 23. cxd6 cxd6 24. Bxa6 Bxa6 25. Rxa6 {0-1 (44) Persson,C (2605)-Dothan,Y (2624) ICCF email 2008}) 17... cxd6 18. Nb5 g3 {Black has an edge.} 19. hxg3 fxg3 20. Bxg3 {White wants to play Qe1.} h4 21. Bf2 Nh5 $1 22. Rc1 (22. Qd2 $11 {remains equal.}) 22... Qg5 $1 $17 {Hoping for ...Ngf4.} 23. Kh2 $146 {[#]} ({Wrong is} 23. Nxd6 $2 Ngf4 $19) (23. f4 $17 Nhxf4 24. Nxf4 Nxf4 25. Bf3) ({Predecessor:} 23. Nxd6 Nhf4 24. Ne1 Nxe2+ {0-1 (24) Mueller,H (2115)-Braslavsky,O (2220) Essen 2002}) 23... Rf6 ({Black should play} 23... Ngf4 $1 $19 {[%csl Gf4][%cal Rg5g2]} 24. Rg1 Bd7) 24. f4 Ngxf4 25. Nxf4 Nxf4 $40 {[%csl Gf4][%cal Rg5g2][%mdl 128] Black attacks.} 26. Bf3 Bd7 27. Nc7 Raf8 {Threatens to win with ...h3.} 28. Qd2 (28. Rc3 $15) 28... Bh6 {And now ...h3 would win.} 29. Rc3 Nxg2 (29... Kh8 $19 30. Qd1 a6) 30. Qxg5+ $15 Bxg5 31. Rg1 (31. Bxa7 $15 Bd2 32. Rb3) 31... Rxf3 $19 32. Rxf3 Rxf3 33. Kxg2 {[#]} Rf4 $1 34. Kf1 $2 (34. Kh1 Rxf2 35. Rxg5+ Kf7 36. Rh5) 34... Bh3+ {Black is clearly winning.} 35. Ke2 Rxe4+ 36. Kd3 Rg4 37. Bxa7 e4+ 38. Ke2 Bg2 {...h3 is the strong threat.} 39. Ne6 h3 40. Nxg5 h2 {Accuracy: White = 33%, Black = 47%.} 0-1

[Event "38th Barczay Memorial 2019"]
[Site "Zalakaros"]
[Date "2019.05.30"]
[Round "8.1"]
[White "Czebe, Attila"]
[Black "Videki, Sandor"]
[Result "0-1"]
[WhiteElo "2427"]
[BlackElo "2383"]
[Annotator "ChessBase"]
[PlyCount "76"]
[EventDate "2019.05.23"]
[EventType "swiss"]
[EventCountry "HUN"]
[SourceTitle "playchess.com"]
[Source "ChessBase"]
[SourceQuality "1"]
[TimeControl "40/5400+30:1800+30"]

1. Nf3 {[%emt 0:00:12]} d5 {[%emt 0:00:19]} 2. g3 {[%emt 0:00:05]} g6 {[%emt 0:00:12]} 3. c4 {[%emt 0:00:02]} dxc4 {[%emt 0:01:19]} 4. Na3 {[%emt 0:00:22]} Bg7 {[%emt 0:00:50]} 5. Nxc4 {[%emt 0:00:37]} Nc6 {[%emt 0:01:34]} 6. Bg2 {[%emt 0:03:31]} e5 {[%emt 0:01:50]} 7. O-O {[%emt 0:02:20]} Nge7 {[%emt 0:01:10]} 8. d3 {[%emt 0:06:30]} h6 {[%emt 0:02:29]} 9. Rb1 {[%emt 0:00:51]} a5 {[%emt 0:08:18]} 10. b3 {[%emt 0:00:50]} O-O {[%emt 0:01:48]} 11. Bb2 {[%emt 0:00:18]} f6 {[%emt 0:00:32]} 12. Qd2 {[%emt 0:07:30]} Be6 {[%emt 0:06:12]} 13. Rfd1 {[%emt 0:01:13]} Qc8 {[%emt 0:03:13]} 14. Rbc1 {[%emt 0:11:13]} Rd8 {[%emt 0:03:51]} 15. Qe1 {[%emt 0:02:16]} a4 {[%emt 0:06:13]} 16. b4 {[%emt 0:17:37]} b5 {[%emt 0:00:39]} 17. Na3 {[%emt 0:00:24]} Rb8 {[%emt 0:10:56]} 18. Nh4 {[%emt 0:03:45]} Na7 {[%emt 0:04:32]} 19. d4 {[%emt 0:01:55]} Bxa2 {[%emt 0:07:27]} 20. dxe5 {[%emt 0:01:19]} fxe5 {[%emt 0:01:05]} 21. Rc5 {[%emt 0:06:05]} Qe6 {[%emt 0:06:44]} 22. Rxc7 {[%emt 0:03:53]} Nac6 {[%emt 0:02:34]} 23. Rc1 {[%emt 0:01:05]} Rd6 {[%emt 0:11:57]} 24. Be4 {[%emt 0:01:33]} Bd5 {[%emt 0:02:39]} 25. Bb1 {[%emt 0:07:17]} g5 {[%emt 0:00:25]} 26. e4 {[%emt 0:00:32]} Bb3 {[%emt 0:07:20]} 27. Nf5 {[%emt 0:00:54]} Rd7 {[%emt 0:00:35]} 28. Rxd7 {[%emt 0:03:55]} Qxd7 {[%emt 0:00:05]} 29. Bc2 {[%emt 0:09:57]} Nd4 {[%emt 0:02:21]} 30. Nxe7+ {[%emt 0:03:53]} Qxe7 {[%emt 0:00:05]} 31. Bxd4 {[%emt 0:00:02]} exd4 {[%emt 0:00:26]} 32. Bd3 {[%emt 0:00:04]} Bf8 {[%emt 0:01:39]} 33. Rc5 {[%emt 0:00:14]} Qg7 {[%emt 0:01:59]} 34. Rc6 {[%emt 0:00:39]} Qe5 {[%emt 0:00:50]} 35. Qe2 {[%emt 0:00:29]} Bxb4 {[%emt 0:00:32]} 36. Nxb5 {[%emt 0:01:24]} Bf8 {[%emt 0:00:53]} 37. Bc4+ {[%emt 0:02:06]} Kh8 {[%emt 0:00:04]} 38. Re6 {[%emt 0:01:25]} Bxc4 {[%emt 0:00:29]} 0-1

[Event "38th Barczay Memorial 2019"]
[Site "Zalakaros"]
[Date "2019.05.30"]
[Round "8.2"]
[White "Gschnitzer, Adrian"]
[Black "Kantor, Gergely"]
[Result "1/2-1/2"]
[WhiteElo "2419"]
[BlackElo "2516"]
[Annotator "TA"]
[PlyCount "32"]
[EventDate "2019.05.23"]
[EventType "swiss"]
[EventCountry "HUN"]
[SourceTitle "playchess.com"]
[Source "ChessBase"]
[SourceQuality "1"]

{[%evp 15,16,0,0]} 1. e4 e5 2. Nf3 Nc6 3. Nc3 Nf6 4. d4 exd4 5. Nxd4 Bb4 6. Nxc6 bxc6 7. Bd3 O-O 8. O-O d5 {Predecessor:} 9. exd5 $146 Bg4 10. Be2 Bxe2 11. Nxe2 cxd5 12. Bg5 Be7 13. Nd4 Qd7 14. Qd3 Rfe8 15. Rad1 Ne4 16. Bxe7 Rxe7 {½-½ (45) Carlsen,M (2861)-Nakamura,H (2761) Abidjan 2019} 1/2-1/2

[Event "38th Barczay Memorial 2019"]
[Site "Zalakaros"]
[Date "2019.05.30"]
[Round "8.3"]
[White "Bokros, Albert"]
[Black "Varga, Zoltan"]
[Result "1-0"]
[WhiteElo "2461"]
[BlackElo "2457"]
[Annotator "ChessBase"]
[PlyCount "63"]
[EventDate "2019.05.23"]
[EventType "swiss"]
[EventCountry "HUN"]
[SourceTitle "playchess.com"]
[Source "ChessBase"]
[SourceQuality "1"]
[TimeControl "40/5400+30:1800+30"]

1. e4 {[%emt 0:01:23]} d6 {[%emt 0:10:37]} 2. d4 {[%emt 0:00:12]} Nf6 {[%emt 0:00:06]} 3. Nc3 {[%emt 0:00:18]} Nbd7 {[%emt 0:00:17]} 4. g3 {[%emt 0:03:30]} e5 {[%emt 0:01:14]} 5. Nge2 {[%emt 0:00:06]} c6 {[%emt 0:03:01]} 6. a4 {[%emt 0:02:29]} Be7 {[%emt 0:00:55]} 7. Bg2 {[%emt 0:02:37]} O-O {[%emt 0:00:10]} 8. O-O {[%emt 0:00:10]} Re8 {[%emt 0:00:55]} 9. h3 {[%emt 0:01:37]} Bf8 {[%emt 0:01:24]} 10. Be3 {[%emt 0:07:44]} exd4 {[%emt 0:03:53]} 11. Bxd4 {[%emt 0:00:34]} Nc5 {[%emt 0:04:02]} 12. f3 {[%emt 0:12:11]} a5 {[%emt 0:07:00]} 13. Qd2 {[%emt 0:07:01]} Nfd7 {[%emt 0:02:25]} 14. Rad1 {[%emt 0:03:05]} Qc7 {[%emt 0:00:47]} 15. b3 {[%emt 0:02:24]} b6 {[%emt 0:00:40]} 16. Bf2 {[%emt 0:03:17]} Ba6 {[%emt 0:04:26]} 17. Rfe1 {[%emt 0:01:02]} Rac8 {[%emt 0:00:31]} 18. Nd4 {[%emt 0:02:45]} g6 {[%emt 0:00:55]} 19. g4 {[%emt 0:04:34]} Bg7 {[%emt 0:04:05]} 20. Bg3 {[%emt 0:02:44]} Nb7 {[%emt 0:00:25]} 21. Kh2 {[%emt 0:02:43]} Ndc5 {[%emt 0:19:20]} 22. f4 {[%emt 0:05:25]} Qe7 {[%emt 0:02:47]} 23. e5 {[%emt 0:05:49]} d5 {[%emt 0:02:46]} 24. f5 {[%emt 0:03:02]} Qd7 {[%emt 0:03:00]} 25. Qf4 {[%emt 0:03:12]} Kh8 {[%emt 0:01:22]} 26. Nf3 {[%emt 0:03:16]} Nd8 {[%emt 0:02:29]} 27. h4 {[%emt 0:02:00]} Qb7 {[%emt 0:01:49]} 28. h5 {[%emt 0:01:58]} gxh5 {[%emt 0:01:15]} 29. gxh5 {[%emt 0:01:21]} h6 {[%emt 0:00:49]} 30. Bh4 {[%emt 0:01:40]} Rg8 {[%emt 0:01:18]} 31. Bh3 {[%emt 0:00:37]} Bf8 {[%emt 0:01:11]} 32. Rg1 {[%emt 0:00:43]} 1-0

[Event "38th Barczay Memorial 2019"]
[Site "Zalakaros"]
[Date "2019.05.30"]
[Round "8.4"]
[White "Srinath, Rao S.V."]
[Black "Radovanovic, Jovica"]
[Result "1/2-1/2"]
[WhiteElo "2395"]
[BlackElo "2306"]
[Annotator "ChessBase"]
[PlyCount "81"]
[EventDate "2019.05.23"]
[EventType "swiss"]
[EventCountry "HUN"]
[SourceTitle "playchess.com"]
[Source "ChessBase"]
[SourceQuality "1"]
[TimeControl "40/5400+30:1800+30"]

1. e4 {[%emt 0:00:40]} c5 {[%emt 0:01:12]} 2. c3 {[%emt 0:01:18]} d5 {[%emt 0:00:11]} 3. exd5 {[%emt 0:00:06]} Qxd5 {[%emt 0:00:04]} 4. d4 {[%emt 0:00:07]} g6 {[%emt 0:00:24]} 5. Nf3 {[%emt 0:00:18]} Bg7 {[%emt 0:00:12]} 6. Na3 {[%emt 0:00:18]} cxd4 {[%emt 0:00:28]} 7. Nb5 {[%emt 0:00:18]} Na6 {[%emt 0:00:28]} 8. cxd4 {[%emt 0:02:01]} Nf6 {[%emt 0:02:00]} 9. Be2 {[%emt 0:02:45]} O-O {[%emt 0:00:20]} 10. O-O {[%emt 0:00:31]} Bf5 {[%emt 0:02:40]} 11. Bf4 {[%emt 0:01:18]} Rfc8 {[%emt 0:06:26]} 12. Nc3 {[%emt 0:01:49]} Qa5 {[%emt 0:07:57]} 13. Qb3 {[%emt 0:09:24]} Qb6 {[%emt 0:01:53]} 14. Ne5 {[%emt 0:03:02]} Qxb3 {[%emt 0:21:18]} 15. axb3 {[%emt 0:00:05]} Nb4 {[%emt 0:00:05]} 16. Bf3 {[%emt 0:00:27]} Nc6 {[%emt 0:07:56]} 17. Nxc6 {[%emt 0:05:09]} bxc6 {[%emt 0:00:05]} 18. Rfe1 {[%emt 0:00:46]} Be6 {[%emt 0:00:54]} 19. Ra5 {[%emt 0:11:42]} Nd5 {[%emt 0:17:06]} 20. Be5 {[%emt 0:08:23]} Bxe5 {[%emt 0:01:27]} 21. Rxe5 {[%emt 0:00:12]} Rab8 {[%emt 0:01:44]} 22. Bxd5 {[%emt 0:15:15]} cxd5 {[%emt 0:00:44]} 23. Ra3 {[%emt 0:00:06]} Rb4 {[%emt 0:01:02]} 24. h3 {[%emt 0:03:24]} Rxd4 {[%emt 0:00:10]} 25. Rxa7 {[%emt 0:00:08]} Kf8 {[%emt 0:04:22]} 26. Ra5 {[%emt 0:08:26]} Rd8 {[%emt 0:00:05]} 27. Ra4 {[%emt 0:00:35]} Rxa4 {[%emt 0:15:18]} 28. bxa4 {[%emt 0:03:54]} d4 {[%emt 0:00:05]} 29. Ne4 {[%emt 0:00:11]} d3 {[%emt 0:02:42]} 30. Nd2 {[%emt 0:00:09]} Rb8 {[%emt 0:03:20]} 31. Re3 {[%emt 0:01:11]} Rxb2 {[%emt 0:01:19]} 32. Rxd3 {[%emt 0:00:05]} Ra2 {[%emt 0:00:08]} 33. Rd4 {[%emt 0:02:49]} Kg7 {[%emt 0:00:45]} 34. Ne4 {[%emt 0:02:33]} Bf5 {[%emt 0:01:12]} 35. Nc3 {[%emt 0:00:43]} Ra1+ {[%emt 0:00:14]} 36. Kh2 {[%emt 0:00:19]} Bc2 {[%emt 0:00:19]} 37. Rd7 {[%emt 0:01:18]} Ra3 {[%emt 0:00:46]} 38. Rc7 {[%emt 0:08:53]} Bxa4 {[%emt 0:00:22]} 39. Nxa4 {[%emt 0:00:23]} Rxa4 {[%emt 0:00:05]} 40. Rxe7 {[%emt 0:00:00]} h5 {[%emt 0:00:00]} 41. g3 1/2-1/2

[Event "38th Barczay Memorial 2019"]
[Site "Zalakaros"]
[Date "2019.05.30"]
[Round "8.5"]
[White "Doric, Nenad"]
[Black "Bagi, Mate"]
[Result "1/2-1/2"]
[WhiteElo "2262"]
[BlackElo "2450"]
[Annotator "ChessBase"]
[PlyCount "37"]
[EventDate "2019.05.23"]
[EventType "swiss"]
[EventCountry "HUN"]
[SourceTitle "playchess.com"]
[Source "ChessBase"]
[SourceQuality "1"]
[TimeControl "40/5400+30:1800+30"]

1. e4 {[%emt 0:01:18]} e5 {[%emt 0:01:50]} 2. Nf3 {[%emt 0:00:12]} Nc6 {[%emt 0:00:09]} 3. Bb5 {[%emt 0:00:34]} a6 {[%emt 0:00:59]} 4. Bxc6 {[%emt 0:00:26]} dxc6 {[%emt 0:00:11]} 5. O-O {[%emt 0:00:11]} Bg4 {[%emt 0:06:23]} 6. h3 {[%emt 0:00:08]} h5 {[%emt 0:00:22]} 7. d3 {[%emt 0:00:12]} Qf6 {[%emt 0:01:34]} 8. Be3 {[%emt 0:01:03]} Bxf3 {[%emt 0:01:56]} 9. Qxf3 {[%emt 0:00:08]} Qxf3 {[%emt 0:00:14]} 10. gxf3 {[%emt 0:00:05]} Bd6 {[%emt 0:03:51]} 11. Nd2 {[%emt 0:01:06]} Ne7 {[%emt 0:02:41]} 12. Rfb1 {[%emt 0:02:25]} Ng6 {[%emt 0:06:07]} 13. Kf1 {[%emt 0:07:40]} Nf8 {[%emt 0:05:55]} 14. b4 {[%emt 0:06:19]} Ne6 {[%emt 0:02:23]} 15. a4 {[%emt 0:02:57]} g6 {[%emt 0:05:29]} 16. Nc4 {[%emt 0:06:36]} f5 {[%emt 0:13:16]} 17. c3 {[%emt 0:10:27]} Rf8 {[%emt 0:09:13]} 18. Ke2 {[%emt 0:05:22]} Kd7 {[%emt 0:03:07]} 19. Rg1 {[%emt 0:04:14]} 1/2-1/2

[Event "38th Barczay Memorial 2019"]
[Site "Zalakaros"]
[Date "2019.05.30"]
[Round "8.6"]
[White "Horvath, Jozsef"]
[Black "Meszaros, Tamas"]
[Result "1-0"]
[WhiteElo "2451"]
[BlackElo "2385"]
[Annotator "ChessBase"]
[PlyCount "49"]
[EventDate "2019.05.23"]
[EventType "swiss"]
[EventCountry "HUN"]
[SourceTitle "playchess.com"]
[Source "ChessBase"]
[SourceQuality "1"]
[TimeControl "40/5400+30:1800+30"]

1. d4 {[%emt 0:07:27]} Nf6 {[%emt 0:00:07]} 2. Nf3 {[%emt 0:00:05]} e6 {[%emt 0:00:05]} 3. e3 {[%emt 0:00:16]} b6 {[%emt 0:00:31]} 4. Bd3 {[%emt 0:00:27]} Bb7 {[%emt 0:00:05]} 5. O-O {[%emt 0:00:21]} Be7 {[%emt 0:00:13]} 6. c4 {[%emt 0:00:26]} d5 {[%emt 0:00:10]} 7. Nc3 {[%emt 0:00:38]} O-O {[%emt 0:00:22]} 8. b3 {[%emt 0:00:21]} c5 {[%emt 0:02:42]} 9. dxc5 {[%emt 0:05:35]} bxc5 {[%emt 0:03:50]} 10. cxd5 {[%emt 0:00:41]} exd5 {[%emt 0:00:07]} 11. Bb2 {[%emt 0:00:20]} Na6 {[%emt 0:09:54]} 12. Rc1 {[%emt 0:08:12]} Ne4 {[%emt 0:25:02]} 13. Ne5 {[%emt 0:23:20]} Nxc3 {[%emt 0:18:17]} 14. Bxc3 {[%emt 0:01:04]} Bf6 {[%emt 0:03:03]} 15. Qg4 {[%emt 0:28:52]} Bc8 {[%emt 0:31:20]} 16. Qh5 {[%emt 0:12:48]} g6 {[%emt 0:00:03]} 17. Qf3 {[%emt 0:00:30]} Qd6 {[%emt 0:00:22]} 18. Qf4 {[%emt 0:03:37]} d4 {[%emt 0:02:15]} 19. exd4 {[%emt 0:01:05]} cxd4 {[%emt 0:00:11]} 20. Bxd4 {[%emt 0:01:41]} Rd8 {[%emt 0:00:48]} 21. Rc6 {[%emt 0:01:11]} Qxd4 {[%emt 0:00:31]} 22. Qxf6 {[%emt 0:00:19]} Be6 {[%emt 0:00:17]} 23. Rxe6 {[%emt 0:01:31]} fxe6 {[%emt 0:00:04]} 24. Bxa6 {[%emt 0:00:28]} Rd6 {[%emt 0:01:06]} 25. Bc4 {[%emt 0:00:28]} 1-0

[Event "38th Barczay Memorial 2019"]
[Site "Zalakaros"]
[Date "2019.05.30"]
[Round "8.7"]
[White "Tompa, Janos"]
[Black "Almasi, Istvan"]
[Result "1/2-1/2"]
[WhiteElo "2356"]
[BlackElo "2407"]
[Annotator "ChessBase"]
[PlyCount "90"]
[EventDate "2019.05.23"]
[EventType "swiss"]
[EventCountry "HUN"]
[SourceTitle "playchess.com"]
[Source "ChessBase"]
[SourceQuality "1"]
[TimeControl "40/5400+30:1800+30"]

1. e4 {[%emt 0:00:12]} g6 {[%emt 0:00:37]} 2. Nf3 {[%emt 0:00:15]} Bg7 {[%emt 0:00:24]} 3. d4 {[%emt 0:00:13]} d6 {[%emt 0:00:34]} 4. Nc3 {[%emt 0:00:34]} a6 {[%emt 0:00:30]} 5. Bg5 {[%emt 0:03:20]} h6 {[%emt 0:02:57]} 6. Be3 {[%emt 0:08:15]} b5 {[%emt 0:01:23]} 7. a3 {[%emt 0:00:40]} Bb7 {[%emt 0:04:36]} 8. Qd2 {[%emt 0:00:52]} Nf6 {[%emt 0:00:40]} 9. d5 {[%emt 0:00:30]} c6 {[%emt 0:03:24]} 10. Bd3 {[%emt 0:13:41]} cxd5 {[%emt 0:06:09]} 11. Nxd5 {[%emt 0:00:06]} Nxd5 {[%emt 0:05:46]} 12. exd5 {[%emt 0:00:10]} Nd7 {[%emt 0:03:30]} 13. c4 {[%emt 0:03:06]} Nc5 {[%emt 0:14:12]} 14. Bxc5 {[%emt 0:02:56]} dxc5 {[%emt 0:00:17]} 15. O-O {[%emt 0:00:26]} O-O {[%emt 0:01:44]} 16. Rfe1 {[%emt 0:01:20]} Qd6 {[%emt 0:06:15]} 17. Rad1 {[%emt 0:02:37]} Rab8 {[%emt 0:01:57]} 18. Qe3 {[%emt 0:06:38]} Rfe8 {[%emt 0:02:28]} 19. cxb5 {[%emt 0:06:50]} Bxd5 {[%emt 0:06:11]} 20. Bc4 {[%emt 0:02:39]} e6 {[%emt 0:00:06]} 21. Bxd5 {[%emt 0:01:34]} exd5 {[%emt 0:00:03]} 22. Qxe8+ {[%emt 0:00:07]} Rxe8 {[%emt 0:00:05]} 23. Rxe8+ {[%emt 0:00:08]} Kh7 {[%emt 0:01:26]} 24. bxa6 {[%emt 0:00:12]} Qxa6 {[%emt 0:00:34]} 25. Rxd5 {[%emt 0:01:47]} Qc6 {[%emt 0:02:19]} 26. Rdd8 {[%emt 0:01:37]} Bxb2 {[%emt 0:01:53]} 27. Re7 {[%emt 0:07:27]} Kg7 {[%emt 0:24:49]} 28. Rdd7 {[%emt 0:01:34]} g5 {[%emt 0:00:28]} 29. Rxf7+ {[%emt 0:02:29]} Kg6 {[%emt 0:00:02]} 30. Rc7 {[%emt 0:02:29]} Qe4 {[%emt 0:00:43]} 31. Rfe7 {[%emt 0:00:46]} Qd5 {[%emt 0:02:16]} 32. Rcd7 {[%emt 0:03:29]} Qc6 {[%emt 0:01:17]} 33. Rd2 {[%emt 0:02:42]} Qb6 {[%emt 0:00:52]} 34. h3 {[%emt 0:02:47]} c4 {[%emt 0:03:53]} 35. Rde2 {[%emt 0:11:21]} Kf6 {[%emt 0:00:39]} 36. a4 {[%emt 0:01:20]} Ba3 {[%emt 0:00:51]} 37. R7e4 {[%emt 0:04:32]} c3 {[%emt 0:00:56]} 38. Nd4 {[%emt 0:00:40]} Qb1+ {[%emt 0:00:37]} 39. Kh2 {[%emt 0:00:13]} Bc5 {[%emt 0:00:53]} 40. Nc2 {[%emt 0:00:00]} Kf7 {[%emt 0:00:00]} 41. Ne1 {[%emt 0:06:44]} Kg7 {[%emt 0:05:20]} 42. g3 {[%emt 0:00:55]} Bxf2 {[%emt 0:01:58]} 43. Re7+ {[%emt 0:03:00]} Kf8 {[%emt 0:00:11]} 44. Re8+ {[%emt 0:00:23]} Kf7 {[%emt 0:00:08]} 45. R8e7+ {[%emt 0:00:36]} Kf8 {[%emt 0:00:02]} 1/2-1/2